[Event "CRO-chT2 West"]
[Site "Croatia"]
[Date "2017.04.09"]
[Round "6.4"]
[White "Dujic, Marko"]
[Black "Bogdanic, Katarina"]
[Result "1-0"]
[WhiteElo "1883"]
[BlackElo "1940"]
[PlyCount "53"]
[EventDate "2017.03.25"]
[EventType "team-tourn"]
[EventRounds "9"]
[EventCountry "CRO"]
[SourceTitle "EXT 2020"]
[Source "ChessBase"]
[SourceDate "2019.10.17"]
[SourceVersion "1"]
[SourceVersionDate "2019.10.17"]
[SourceQuality "1"]

1. b3 d5 2. Bb2 Nf6 3. f4 e6 4. Nf3 Bd6 5. e3 Nbd7 6. Be2 0-0 7. 0-0 c5 8. Qe1 Re8 9. Ne5 Qc7 10. Nxd7 Nxd7 11. Nc3 a6 12. Qg3 Bf8 13. Qh3 Nf6 14. Bf3 e5 15. f5 e4 16. Bd1 Qd6 17. Ne2 Nd7 18. Ng3 d4 19. Rf4 Nf6 20. Be2 g6 21. Qh4 Be7 22. fxg6 fxg6 23. Bc4+ Kg7 24. Nxe4 Qe5 25. exd4 cxd4 26. Nxf6 Bxf6 27. Rxf6 1-0

[Event "CRO-chT2 West"]
[Site "Croatia"]
[Date "2017.04.09"]
[Round "5.2"]
[White "Juras, Zvonko"]
[Black "Dujic, Marko"]
[Result "1-0"]
[WhiteElo "1907"]
[BlackElo "1883"]
[PlyCount "122"]
[EventDate "2017.03.25"]
[EventType "team-tourn"]
[EventRounds "9"]
[EventCountry "CRO"]
[SourceTitle "EXT 2020"]
[Source "ChessBase"]
[SourceDate "2019.10.17"]
[SourceVersion "1"]
[SourceVersionDate "2019.10.17"]
[SourceQuality "1"]

1. e4 d5 2. exd5 Qxd5 3. Nc3 Qa5 4. Nf3 Bg4 5. Be2 Nf6 6. 0-0 e6 7. h3 Bxf3 8. Bxf3 c6 9. d3 Bd6 10. Ne4 Nxe4 11. dxe4 Qc7 12. Be3 0-0 13. c3 Nd7 14. Qc2 Bf4 15. Bxf4 Qxf4 16. Qc1 Qxc1 17. Raxc1 Rfd8 18. Rfd1 Nf6 19. Kf1 e5 20. Ke2 Kf8 21. Ke3 Ke7 22. Rxd8 Rxd8 23. Rd1 Rd6 24. Be2 Nd7 25. f4 exf4+ 26. Kxf4 Nc5 27. b3 Rf6+ 28. Ke3 Re6 29. Bf3 f5 30. Rd4 Nd7 31. Kf4 fxe4 32. Bg4 Rf6+ 33. Ke3 Nb6 34. Rxe4+ Kf7 35. c4 Rf1 36. Rf4+ Rxf4 37. Kxf4 Kf6 38. Ke4 g6 39. h4 Ke7 40. Ke5 Na8 41. Bc8 b5 42. c5 Nc7 43. b4 Nd5 44. a3 Ne3 45. h5 Nxg2 46. hxg6 hxg6 47. Bg4 Ne3 48. Kf4 Nc4 49. Kg5 Nxa3 50. Bf3 Kd7 51. Bd1 Ke6 52. Kxg6 Kd5 53. Kf6 Kc4 54. Ke6 Kxb4 55. Kd6 Kc4 56. Kxc6 b4 57. Be2+ Kd4 58. Kd6 b3 59. c6 b2 60. c7 b1Q 61. c8Q Qg6+ 1-0

[Event "CRO-chT2 West"]
[Site "Croatia"]
[Date "2017.03.26"]
[Round "3.1"]
[White "Petrovic, Neven"]
[Black "Dujic, Marko"]
[Result "1/2-1/2"]
[WhiteElo "1926"]
[BlackElo "1878"]
[PlyCount "77"]
[EventDate "2017.03.25"]
[EventType "team-tourn"]
[EventRounds "9"]
[EventCountry "CRO"]
[SourceTitle "EXT 2020"]
[Source "ChessBase"]
[SourceDate "2019.10.17"]
[SourceVersion "1"]
[SourceVersionDate "2019.10.17"]
[SourceQuality "1"]

1. e4 d5 2. exd5 Qxd5 3. Nc3 Qa5 4. Bc4 Nf6 5. Nf3 Bg4 6. 0-0 e6 7. d4 c6 8. a3 Bd6 9. h3 Bxf3 10. Qxf3 0-0 11. Ne4 Nxe4 12. Qxe4 Nd7 13. Be3 Nf6 14. Qh4 Be7 15. Bd3 Rad8 16. Bxh7+ Nxh7 17. Qxe7 b6 18. Qc7 Nf6 19. c4 Qa4 20. Rfc1 Rc8 21. Qe5 Rfd8 22. Rc3 c5 23. Rac1 Nd7 24. Qg3 Nf6 25. Bh6 Ne8 26. dxc5 Rd1+ 27. Rxd1 Qxd1+ 28. Kh2 bxc5 29. Rd3 Qc2 30. Rd7 Qxb2 31. Rxa7 Qd4 32. Bf4 Qxc4 33. Be5 Qe4 34. Re7 Kf8 35. Bd6 Nxd6 36. Qxd6 Kg8 37. Qd7 Qf4+ 38. Kg1 Qc1+ 39. Kh2 1/2-1/2

[Event "CRO-ch U15"]
[Site "Rabac"]
[Date "2011.06.24"]
[Round "8"]
[White "Ivekovic, Bozidar1111"]
[Black "Dujic, Marko"]
[Result "1-0"]
[WhiteElo "2180"]
[BlackElo "1854"]
[PlyCount "91"]
[EventDate "2011.06.20"]
[EventType "swiss"]
[EventRounds "9"]
[EventCountry "CRO"]
[SourceTitle "CBM 143 Extra"]
[Source "ChessBase"]
[SourceDate "2011.08.29"]
[SourceVersion "1"]
[SourceVersionDate "2011.08.29"]
[SourceQuality "1"]

1. e4 e6 2. d4 d5 3. Nc3 dxe4 4. Nxe4 Bd7 5. Ne2 Bc6 6. N2g3 Nd7 7. f3 Ngf6 8. Bd3 Nxe4 9. fxe4 Qh4 10. Qe2 Bd6 11. e5 Be7 12. c3 Bg5 13. 0-0 0-0 14. Be3 Nb6 15. Bxg5 Qxg5 16. Rae1 Rae8 17. Be4 Bd5 18. Bxd5 Nxd5 19. Ne4 Qe7 20. c4 Nb6 21. Nf6+ Kh8 22. Nxe8 Rxe8 23. b3 Rd8 24. Qf3 Kg8 25. Qxb7 Rxd4 26. Rd1 Qd8 27. Qf3 Qd7 28. Rxd4 Qxd4+ 29. Kh1 Qd7 30. Rd1 Qe7 31. Qd3 Kf8 32. Qxh7 f6 33. exf6 Qxf6 34. Qd3 Ke8 35. Rf1 Qg5 36. Qe4 Ke7 37. Re1 Qf6 38. Qe5 Qxe5 39. Rxe5 Kf6 40. Rc5 e5 41. Rxc7 e4 42. Kg1 Ke5 43. Kf2 Kd4 44. Ke2 g5 45. h3 a5 46. Rc6 1-0

[Event "CRO-ch U15"]
[Site "Rabac"]
[Date "2011.06.23"]
[Round "7"]
[White "Dujic, Marko"]
[Black "Vrankovic, Ivan"]
[Result "1-0"]
[WhiteElo "1854"]
[BlackElo "1858"]
[PlyCount "95"]
[EventDate "2011.06.20"]
[EventType "swiss"]
[EventRounds "9"]
[EventCountry "CRO"]
[SourceTitle "CBM 143 Extra"]
[Source "ChessBase"]
[SourceDate "2011.08.29"]
[SourceVersion "1"]
[SourceVersionDate "2011.08.29"]
[SourceQuality "1"]

1. f4 e5 2. fxe5 d6 3. Nf3 dxe5 4. d3 Nc6 5. e4 Bc5 6. Nc3 Bg4 7. Na4 Be7 8. Be3 Nd4 9. Be2 Nxe2 10. Qxe2 Nf6 11. 0-0 Bxf3 12. Qxf3 Qd7 13. Nc3 0-0-0 14. Qg3 Qe6 15. Rf5 Nd7 16. Qxg7 f6 17. Nd5 Rde8 18. Nxe7+ Qxe7 19. Qxe7 Rxe7 20. Bf2 Re6 21. Bh4 Rg8 22. Raf1 Rg6 23. R1f2 Kd8 24. Kf1 Ke7 25. h3 h6 26. g4 c5 27. Ke2 b5 28. c3 c4 29. dxc4 bxc4 30. Ke3 Rd6 31. Rd2 Rxd2 32. Kxd2 Ke6 33. Bf2 Nb6 34. Be3 Kf7 35. b3 cxb3 36. axb3 Nc8 37. Rh5 Kg7 38. Kd3 a6 39. c4 Ne7 40. c5 Nc6 41. Kc4 Na5+ 42. Kd5 Nxb3 43. c6 Kf7 44. Rxh6 Rg8 45. c7 a5 46. Rh7+ Kg6 47. Rd7 Rc8 48. h4 1-0

[Event "CRO-chT U20 20th"]
[Site "Sv Filip i Jakov"]
[Date "2011.04.30"]
[Round "9"]
[White "Pejic, Igor"]
[Black "Dujic, Marko"]
[Result "1/2-1/2"]
[WhiteElo "1988"]
[BlackElo "1851"]
[PlyCount "71"]
[EventDate "2011.04.26"]
[EventType "team-tourn"]
[EventRounds "11"]
[EventCountry "CRO"]
[SourceTitle "EXT 2012"]
[Source "ChessBase"]
[SourceDate "2011.11.24"]
[SourceVersion "1"]
[SourceVersionDate "2011.11.24"]
[SourceQuality "1"]

1. e4 e6 2. Nf3 d5 3. Nc3 c5 4. exd5 exd5 5. d4 Be6 6. Bf4 Nc6 7. Be2 h6 8. 0-0 Nf6 9. Re1 Be7 10. Nb5 Rc8 11. c3 0-0 12. dxc5 Bxc5 13. Qa4 Qb6 14. Bg3 Ne4 15. Nfd4 Nxg3 16. hxg3 a6 17. b4 Bxd4 18. Nxd4 Nxd4 19. cxd4 Qxd4 20. Rad1 Qb6 21. Rd2 Rfd8 22. Red1 Qc6 23. Qxc6 Rxc6 24. Bf3 Rc4 25. a3 Rc3 26. Bxd5 Bxd5 27. Rxd5 Rxd5 28. Rxd5 Rxa3 29. Rd8+ Kh7 30. Rd7 Rb3 31. Rxb7 Kg6 32. Rb6+ f6 33. Rxa6 Rxb4 34. f3 Rb2 35. Ra5 Kf7 36. g4 1/2-1/2

[Event "CRO-chT U20 20th"]
[Site "Sv Filip i Jakov"]
[Date "2011.04.28"]
[Round "6"]
[White "Dujic, Marko"]
[Black "Jusup, Matej"]
[Result "0-1"]
[WhiteElo "1851"]
[BlackElo "2093"]
[PlyCount "92"]
[EventDate "2011.04.26"]
[EventType "team-tourn"]
[EventRounds "11"]
[EventCountry "CRO"]
[SourceTitle "EXT 2012"]
[Source "ChessBase"]
[SourceDate "2011.11.24"]
[SourceVersion "1"]
[SourceVersionDate "2011.11.24"]
[SourceQuality "1"]

1. e4 d5 2. exd5 Qxd5 3. Nc3 Qd6 4. d4 Nf6 5. Nf3 a6 6. h3 e6 7. Be3 b5 8. a3 Bb7 9. Be2 Nbd7 10. 0-0 Be7 11. Qd2 0-0 12. Rad1 Rfd8 13. Nh2 Nb6 14. Bf4 Qd7 15. Bf3 Nfd5 16. Nxd5 Nxd5 17. Bg3 Rac8 18. Ng4 Qc6 19. Ne3 Qb6 20. Nxd5 Bxd5 21. Bxd5 Rxd5 22. Qe3 Rcd8 23. Rd3 c5 24. Rfd1 cxd4 25. Qe4 Bf6 26. Bh4 Bxh4 27. Qxh4 f6 28. Qe4 Qd6 29. f4 e5 30. f5 Qc5 31. R1d2 R5d6 32. Kf2 Qd5 33. Kf3 Qc5 34. c3 Kf7 35. cxd4 exd4 36. Re2 Qc7 37. Qh4 Kg8 38. Qe4 Qd7 39. Re1 Kf8 40. Re2 Rd5 41. g4 Re5 42. Qf4 Qc6+ 43. Re4 Kf7 44. h4 g6 45. b3 a5 46. h5 g5 0-1

[Event "CRO-chT U20 20th"]
[Site "Sv Filip i Jakov"]
[Date "2011.04.26"]
[Round "1"]
[White "Dujic, Marko"]
[Black "Paleka, Danijel"]
[Result "1-0"]
[WhiteElo "1851"]
[BlackElo "1694"]
[PlyCount "71"]
[EventDate "2011.04.26"]
[EventType "team-tourn"]
[EventRounds "11"]
[EventCountry "CRO"]
[SourceTitle "EXT 2012"]
[Source "ChessBase"]
[SourceDate "2011.11.24"]
[SourceVersion "1"]
[SourceVersionDate "2011.11.24"]
[SourceQuality "1"]

1. e4 e6 2. d4 d5 3. Nd2 c5 4. Ngf3 Nc6 5. exd5 Qxd5 6. Bc4 Qd8 7. Nb3 cxd4 8. Nbxd4 Nxd4 9. Nxd4 e5 10. Nf3 Qxd1+ 11. Kxd1 Bg4 12. h3 Bxf3+ 13. gxf3 a6 14. Ke2 Ne7 15. Rd1 Rc8 16. Bb3 Ng6 17. c3 Be7 18. Be3 h5 19. Rd2 Rc7 20. Rg1 Bf6 21. a4 Ke7 22. Rgd1 Nf8 23. Bb6 Rd7 24. Bc5+ Ke8 25. Rxd7 Nxd7 26. Bxf7+ Kxf7 27. Rxd7+ Ke6 28. Rxb7 a5 29. Rb5 Ra8 30. Bb6 g5 31. Bxa5 Rg8 32. Bc7 g4 33. hxg4 hxg4 34. fxg4 Rxg4 35. b3 Re4+ 36. Kd3 1-0

[Event "CRO-ch U17"]
[Site "Bjelolasica"]
[Date "2010.07.25"]
[Round "1"]
[White "Blazeka, Matej"]
[Black "Dujic, Marko"]
[Result "1-0"]
[WhiteElo "2134"]
[BlackElo "1808"]
[PlyCount "65"]
[EventDate "2010.07.25"]
[EventType "swiss"]
[EventRounds "9"]
[EventCountry "CRO"]
[SourceTitle "CBM 137 Extra"]
[Source "ChessBase"]
[SourceDate "2010.09.01"]
[SourceVersion "1"]
[SourceVersionDate "2010.09.01"]
[SourceQuality "1"]

1. e4 d5 2. exd5 Qxd5 3. Nc3 Qa5 4. d4 Nf6 5. Nf3 Bg4 6. h3 Bh5 7. g4 Bg6 8. Ne5 Nbd7 9. Nc4 Qa6 10. Bf4 Qe6+ 11. Ne3 Ne4 12. Nb5 Rc8 13. Bc4 Qf6 14. Nd5 Qh4 15. Ndxc7+ Kd8 16. Qf3 a6 17. Bd5 axb5 18. Bxb7 Rxc7 19. Bxc7+ Kxc7 20. Bxe4 Bxe4 21. Qxe4 e6 22. a4 Nf6 23. Qd3 Nxg4 24. Qf3 Nf6 25. axb5 Qe4+ 26. Qxe4 Nxe4 27. Ra7+ Kb6 28. Rxf7 Kxb5 29. Ke2 Nd6 30. Ra7 Kb6 31. Rha1 Nf5 32. R1a6+ Kb5 33. Kd3 1-0

[Event "Mediterranean op 3rd"]
[Site "Rijeka"]
[Date "2009.12.05"]
[Round "9"]
[White "Baljak, Jadranko"]
[Black "Dujic, Marko"]
[Result "0-1"]
[WhiteElo "1960"]
[BlackElo "1735"]
[PlyCount "80"]
[EventDate "2009.11.27"]
[EventType "swiss"]
[EventRounds "9"]
[EventCountry "CRO"]
[SourceTitle "CBM 133 Extra"]
[Source "ChessBase"]
[SourceDate "2010.01.05"]
[SourceVersion "1"]
[SourceVersionDate "2010.01.05"]
[SourceQuality "1"]

1. d4 d5 2. c4 dxc4 3. e3 e5 4. Bxc4 exd4 5. Qxd4 Qxd4 6. exd4 Nc6 7. Nf3 Nf6 8. 0-0 Be7 9. Re1 Bg4 10. Be3 0-0-0 11. Nc3 Bxf3 12. gxf3 Nxd4 13. Bxd4 Rxd4 14. Rxe7 Rxc4 15. Rxf7 Nh5 16. Re1 Rf4 17. Ree7 Rxf7 18. Rxf7 Rd8 19. Rf5 g6 20. Re5 Rd2 21. Re2 Rd6 22. Re4 Kd7 23. Kg2 Rd2 24. Rb4 b6 25. Ne4 Rd1 26. Nc3 Re1 27. Re4 Rc1 28. Rd4+ Ke6 29. Ne4 Ke5 30. Rd2 Nf4+ 31. Kg3 Rg1+ 32. Kh4 Kf5 33. Ng3+ Kf6 34. Ne4+ Ke5 35. Ng3 Rg2 36. Rd7 Rxh2+ 37. Kg4 h5+ 38. Kg5 h4 39. Ne4 h3 40. Rd8 Ne6+ 0-1

[Event "Mediterranean op 3rd"]
[Site "Rijeka"]
[Date "2009.11.27"]
[Round "1"]
[White "Urukalovic, Roman"]
[Black "Dujic, Marko"]
[Result "1-0"]
[WhiteElo "2237"]
[BlackElo "1735"]
[PlyCount "38"]
[EventDate "2009.11.27"]
[EventType "swiss"]
[EventRounds "9"]
[EventCountry "CRO"]
[SourceTitle "CBM 133 Extra"]
[Source "ChessBase"]
[SourceDate "2010.01.05"]
[SourceVersion "1"]
[SourceVersionDate "2010.01.05"]
[SourceQuality "1"]

1. e4 c6 2. d4 d5 3. Nd2 dxe4 4. Nxe4 Bf5 5. Ng3 Bg6 6. N1e2 h6 7. Nf4 Bh7 8. Bc4 e6 9. 0-0 Nf6 10. Re1 Be7 11. Qe2 b5 12. Bb3 a5 13. a4 b4 14. Ngh5 Nxh5 15. Nxh5 Bf6 16. Bxe6 fxe6 17. Qxe6+ Kf8 18. Nxf6 Bg8 19. Nxg8 Rxg8 1-0

[Event "CRO-ch U17"]
[Site "Bjelolasica"]
[Date "2009.08.01"]
[Round "9"]
[White "Kolic, Michael"]
[Black "Dujic, Marko"]
[Result "0-1"]
[WhiteElo "1842"]
[BlackElo "1719"]
[PlyCount "30"]
[EventDate "2009.07.26"]
[EventType "swiss"]
[EventRounds "9"]
[EventCountry "CRO"]
[SourceTitle "CBM 131 Extra"]
[Source "ChessBase"]
[SourceDate "2009.09.03"]
[SourceVersion "2"]
[SourceVersionDate "2009.09.16"]
[SourceQuality "1"]

1. e3 e5 2. d4 exd4 3. exd4 d5 4. Nf3 Nf6 5. h3 h6 6. Bf4 Bf5 7. Bd3 Bxd3 8. Qxd3 Bd6 9. Ne5 0-0 10. 0-0 Bxe5 11. dxe5 Ne4 12. Re1 Nc5 13. Qg3 Kh7 14. c3 Ne6 15. Be3 c5 0-1

[Event "CRO-ch U17"]
[Site "Bjelolasica"]
[Date "2009.07.29"]
[Round "5"]
[White "Dujic, Marko"]
[Black "Zagorac, Mario"]
[Result "1-0"]
[WhiteElo "1719"]
[BlackElo "1852"]
[PlyCount "109"]
[EventDate "2009.07.26"]
[EventType "swiss"]
[EventRounds "9"]
[EventCountry "CRO"]
[SourceTitle "CBM 131 Extra"]
[Source "ChessBase"]
[SourceDate "2009.09.03"]
[SourceVersion "2"]
[SourceVersionDate "2009.09.16"]
[SourceQuality "1"]

1. e4 c5 2. Nf3 Nc6 3. d4 cxd4 4. Nxd4 Nf6 5. Nc3 d6 6. Be3 e6 7. Be2 Be7 8. 0-0 0-0 9. Qd2 a6 10. Bf3 Qc7 11. Nxc6 bxc6 12. Rad1 Bb7 13. Na4 c5 14. Nc3 Rfd8 15. Bf4 Qb6 16. Qe3 Rac8 17. b3 e5 18. Bg5 h6 19. Bxf6 Bxf6 20. Nd5 Bxd5 21. Rxd5 Be7 22. Be2 Bg5 23. Qd3 a5 24. Rd1 Be7 25. Qf3 Qc7 26. Bc4 Bf8 27. R1d3 a4 28. Qd1 axb3 29. cxb3 Be7 30. a4 Ra8 31. Rf3 Rf8 32. Qc1 Bg5 33. Qd1 Be7 34. Rg3 g6 35. Rxg6+ Kh7 36. Rg3 Rg8 37. Rdd3 Rxg3 38. Rxg3 Rg8 39. Bxf7 Rxg3 40. hxg3 Qa5 41. Qg4 Bg5 42. Qf5+ Kg7 43. Be8 Qc7 44. Qd7+ Qxd7 45. Bxd7 Bd8 46. f4 Kf6 47. Kf2 Ke7 48. Bc6 Kf6 49. Kf3 h5 50. Be8 exf4 51. gxf4 h4 52. Kg4 Ke6 53. Bc6 Bc7 54. Kxh4 d5 55. Bxd5+ 1-0

[Event "CRO-ch U17"]
[Site "Bjelolasica"]
[Date "2009.07.29"]
[Round "6"]
[White "Grguric, Domagoj"]
[Black "Dujic, Marko"]
[Result "1/2-1/2"]
[WhiteElo "1869"]
[BlackElo "1719"]
[PlyCount "102"]
[EventDate "2009.07.26"]
[EventType "swiss"]
[EventRounds "9"]
[EventCountry "CRO"]
[SourceTitle "CBM 131 Extra"]
[Source "ChessBase"]
[SourceDate "2009.09.03"]
[SourceVersion "2"]
[SourceVersionDate "2009.09.16"]
[SourceQuality "1"]

1. e4 c6 2. d4 d5 3. exd5 cxd5 4. Bd3 Nc6 5. c3 Nf6 6. h3 g6 7. Nf3 Bf5 8. 0-0 Bg7 9. Re1 e6 10. Bg5 0-0 11. Ne5 Qc7 12. Bf4 Qb6 13. Nxc6 bxc6 14. b4 a5 15. Bd6 Rfe8 16. Bc5 Qb7 17. a4 Bxd3 18. Qxd3 Ne4 19. Nd2 Nxc5 20. bxc5 Qc7 21. Reb1 Reb8 22. Nf3 Ra7 23. Rxb8+ Qxb8 24. Rb1 Rb7 25. Re1 Rb2 26. Qa6 Qc7 27. Kf1 Rb3 28. Qd3 Qb7 29. Nd2 Rb2 30. f4 Qb3 31. g3 h5 32. h4 Bf6 33. Rb1 Rxb1+ 34. Qxb1 Qxb1+ 35. Nxb1 Kf8 36. Nd2 Ke8 37. Ke2 Kd7 38. Kd3 Bd8 39. Nf3 Bf6 40. Ne5+ Bxe5 41. fxe5 Ke7 42. Ke3 f5 43. exf6+ Kxf6 44. Kf4 Kf7 45. g4 hxg4 46. Kxg4 Kf6 47. Kf4 Kf7 48. Ke5 Ke7 49. Kf4 Kf7 50. Ke5 Ke7 51. Kf4 Kf7 1/2-1/2

[Event "CRO-ch U17"]
[Site "Bjelolasica"]
[Date "2009.07.26"]
[Round "1"]
[White "Dujic, Marko"]
[Black "Muskardin, Mario"]
[Result "0-1"]
[WhiteElo "1719"]
[BlackElo "2076"]
[PlyCount "68"]
[EventDate "2009.07.26"]
[EventType "swiss"]
[EventRounds "9"]
[EventCountry "CRO"]
[SourceTitle "CBM 131 Extra"]
[Source "ChessBase"]
[SourceDate "2009.09.03"]
[SourceVersion "2"]
[SourceVersionDate "2009.09.16"]
[SourceQuality "1"]

1. e4 d6 2. d4 Nf6 3. Nc3 Nbd7 4. f4 e5 5. Nf3 exd4 6. Qxd4 c5 7. Qc4 Nb6 8. Qd3 Be6 9. Be3 Bc4 10. Qd2 Ng4 11. Bd3 Nxe3 12. Qxe3 Qd7 13. 0-0-0 0-0-0 14. b3 Bxd3 15. Rxd3 Be7 16. a4 Qc6 17. a5 Na8 18. Nd5 Rhe8 19. b4 Nc7 20. Nxc7 Qxc7 21. Rc3 Kb8 22. Qe2 Bf6 23. e5 dxe5 24. Rxc5 exf4 25. Qc4 Qd7 26. Qxf4+ Ka8 27. b5 Rc8 28. Rxc8+ Rxc8 29. b6 Qd3 30. Qa4 Qe3+ 31. Kb1 Qc3 32. Qa2 Rd8 33. Re1 Qxe1+ 34. Nxe1 Rd1# 0-1

[Event "CRO-ch U13"]
[Site "Novi Vinodolski"]
[Date "2009.06.24"]
[Round "6"]
[White "Mravic, Filip"]
[Black "Dujic, Marko"]
[Result "1-0"]
[WhiteElo "1813"]
[BlackElo "1715"]
[PlyCount "59"]
[EventDate "2009.06.21"]
[EventType "swiss"]
[EventRounds "9"]
[EventCountry "CRO"]
[SourceTitle "EXT 2011"]
[Source "ChessBase"]
[SourceDate "2010.11.26"]
[SourceVersion "1"]
[SourceVersionDate "2010.11.26"]
[SourceQuality "1"]

1. d4 d5 2. Nf3 Nf6 3. c4 c6 4. Nc3 e6 5. Bg5 Be7 6. e3 Nbd7 7. Bd3 0-0 8. 0-0 dxc4 9. Bxc4 Nd5 10. Bxe7 Qxe7 11. e4 Nxc3 12. bxc3 Nf6 13. Re1 b5 14. Bd3 Bb7 15. Qc2 h6 16. a4 a6 17. c4 bxc4 18. Bxc4 Rac8 19. Qe2 Ra8 20. Bd3 Nh5 21. Qe3 Rac8 22. e5 c5 23. g4 Bxf3 24. Qxf3 Qg5 25. Qe4 f5 26. exf6 Rxf6 27. h4 Qxh4 28. gxh5 Qxf2+ 29. Kh1 Rf4 30. Qxe6+ 1-0